000 00426cam a2200157ua 4500
003 OSt
008 250610b |||||||| |||| 00| 0 eng d
041 _aeng
082 _a624.171
_bDAY/ST
100 _aDayaratnam, P .
_97548
245 _aStructural engineering through objective questions /
250 _a1 /
260 _aNew Delhi :
_bTata Mc-Graw Hill Publishing Company ,
_c1989.
300 _a320 ; .
942 _cBK
999 _c10271
_d10271